| 000 | 00405nam a2200133Ia 4500 | ||
|---|---|---|---|
| 008 | 191014s9999 xx 000 0 und d | ||
| 020 | _a978-0-07-0688188-0 | ||
| 082 |
_a511 _bROS |
||
| 100 |
_aKenneth H Rosen _910599 |
||
| 245 | 0 | _aDiscrete Mathematics and Its Applications with Combinatorics and Graph Theory (7th Edition) | |
| 260 |
_aIndia _bMc Graw Hill _c2013 |
||
| 300 | _aXxviii,843 | ||
| 942 | _cBK | ||
| 999 |
_c531220 _d531220 |
||